000 00690nam a22002293a 4500
005 20260415064145.0
008 011002s1997 mx fr 000 0 spa d
020 _a8427120605
035 _aUPN01000112426
049 _aCG
050 4 _aLB2838
_bG3.3
100 1 _aGarcía Alvarez, Jesús
245 1 0 _aEvaluación de la formación :
_bmarcos de referencia /
_cJesús García Alvarez
260 _aBilbao, Esp. :
_bMensajero,
_c1997
300 _a174 p.
440 0 _aRecursos e instrumentos psico-pedagógicos ;
_v15
650 4 _aEvaluación del docente
_95198
650 4 _aMaestros
_xFormación profesional
_zEspaña
_9783
901 _a176610
902 _aMCM/
905 _aLibro
999 _c86334
_d86334